| 000 | 01080nac a22002771u 4500 | ||
|---|---|---|---|
| 010 | _a 2001036539 | ||
| 020 | _a0130620300 (pbk.) | ||
| 082 | 0 | 0 |
_a658.18 _bDAN |
| 090 |
_c7179 _d7179 |
||
| 100 | _aDaniels, John D. | ||
| 245 | 1 | 0 |
_aGlobalization and business / _cJohn D. Daniels, Lee H. Radebaugh, Daniel P. Sullivan. |
| 260 |
_aUpper Saddle River, N.J. : _bPrentice Hall,2002 _cc2002. |
||
| 300 |
_axiii, 399 p. : _bill. (some col.), maps ; _c24 cm. |
||
| 500 | _aBased on: International business. 9th ed. c2001. | ||
| 500 | _adistributer: Al-Ahram | ||
| 504 | _aIncludes bibliographical references and indexes. | ||
| 511 | _acatalogued by: wessam | ||
| 650 | 0 | _aInternational business enterprises. | |
| 650 | 0 |
_aInternational business enterprises _xManagement. |
|
| 650 | 0 | _aGlobalization. | |
| 700 | 1 | _aRadebaugh, Lee H. | |
| 700 | 1 | _aSullivan, Daniel P. | |
| 700 | 1 | _aDaniels, John D. | |
| 942 |
_cBB _k658.18DAN |
||
| 999 |
_c7179 _d7179 |
||